| 000 | 01030nam a2200253 a 4500 | ||
|---|---|---|---|
| 001 | 81071 | ||
| 003 | BD-RjUL | ||
| 005 | 20230114184136.0 | ||
| 008 | 160725s1959 ua 000 0 ara d | ||
| 035 | _a(BD-RjUL)81071 | ||
| 040 |
_aHAI _beng _cBD-RjUL |
||
| 041 | 0 | _aara | |
| 082 |
_223 _a181 _bMUB 1959 |
||
| 100 | 1 |
_aMusa, Muhammad Yusuf موسى، محمد يوسف _96567 |
|
| 245 | 1 | 0 |
_a بين الدين والفلسفة : في رأي ابن رشد وفلاسفة العصر الوسيط / Bayna al-dīn wa-al-falsafah : fī raʼy Ibn Rushd wa-falāsifatal-ʻAṣr al-Wasīṭ / _c محمد يوسف موسى.,taʼlīf Muḥammad Yūsuf Mūsá. |
| 260 |
_aمصر : _bدار المعارف، _c[١٩٥٩] |
||
| 300 |
_a٢٤٠ ص. ؛ _c٢٥ س. |
||
| 490 | 1 | _aمكتبة الدراسات الفلسفية | |
| 500 | _aالسلسلة على الغلاف | ||
| 600 | 0 | 4 |
_aAverroës, _d1126-1198. _96568 |
| 650 | 4 | _aIslamic philosophy. | |
| 830 | 0 |
_aمكتبة الدراسات الفلسفية _96569 |
|
| 942 |
_2ddc _cBK |
||
| 999 |
_c81071 _d81071 |
||